| 000 | 00763nam a22002055i 4500 | ||
|---|---|---|---|
| 001 | 155234 | ||
| 003 | ES-MaACL | ||
| 005 | 20230906210014.0 | ||
| 008 | 040719q18681900xxk |||| | eng d | ||
| 040 |
_aCAM _bspa _cCAM |
||
| 100 | 1 |
_aHemyng, Bracebridge. _9127847 |
|
| 245 | 1 | 2 |
_aA girls of the period _b: her fortunes and misfortunes / _cby Bracebridge Hemyng. |
| 260 |
_aLondon : _bHenry Lea, _c[s.a.] ( _fprinted by W. Wilfred Head) |
||
| 300 |
_a208 p. ; _c18 cm. |
||
| 596 | _aEn las hh. de propaganda comercial la fecha más moderna que consta es 1868. | ||
| 650 | 4 |
_aNovela inglesa. _9137408 |
|
| 752 |
_aGran Bretaña - _cLondres |
||
| 852 |
_aES-MaACL _jD-3100 _z-- Rúst. cromolit. _z-- An. ms.: "C. Recur y Sola, 10-5-69" |
||
| 999 |
_c155234 _d155234 |
||